00933nam a2200205Ia 4500008004100000020001600041041001200057082001600069100001200085245003000097260003400127300000900161650001600170700001200186942000700198999001500205952016100220952017300381952017300554221030s9999 xx 000 0 und d a08125907904 aEnglish a105.23bLeo aA. Leon 0aIntroduction to Computers bLeon TechworldaChennaic1999 a44.3 aBE Computer aM. Leon cBK c6978d6978 pBE 2939g200.00l0o105.23 Leor2024-06-13 00:00:00w2022-10-30yBK003Print4071aMIETLIBbMIETLIBcBL-Second, FL-1, CUP-58, SH-2, R-2d2001-03-1310HBE pBE 2940g200.00l0o105.23 Leor2022-10-30 00:00:00w2022-10-30yBK003Print4070aMIETLIBbMIETLIBcBL-Academic Block - C, FL-2, CUP-53, SH-1, R-1d2001-03-1310HBE pBE 2941g200.00l0o105.23 Leor2022-10-30 00:00:00w2022-10-30yBK003Print4070aMIETLIBbMIETLIBcBL-Academic Block - C, FL-2, CUP-53, SH-1, R-1d2001-03-1310HBE